00517nam a2200181 a 4500008004100000020001500041050001600056100002300072245003500095260004100130300002200171350000900193490002600202490002700228500001700255650004000272650002300312120416s1974 ||||||||||||||||| || u a0900442417 aHF 5635 Hop aHopwood, Anthony G10aAccounting and human behaviour aLondon :bHaymarket Publishingc1974 axiv, 213p. : ill. a0.00 aAccountancy age books v Modern finance series aBibliography 0aACCOUNTING--HANDBOOKS, MANUALS, ETC aBUDGET IN BUSINESS